Here, and only here / Christelle Dabos ; ... Read More
Available copies
- 1 of 1 copy available at LARL/NWRL Consortium.
- 1 of 1 copy available at Lake Agassiz Regional Library. (Show preferred library)
Current holds
0 current holds with 1 total copy.
Show Only Available Copies
| Location | Call Number / Copy Notes | Barcode | Shelving Location | Status | Due Date |
|---|---|---|---|---|---|
| Moorhead Public Library | Y DAB (Text) | 33500013932280 | Main | Available | - |
Record details
- ISBN: 9781609459567
- ISBN: 1609459563
- Physical Description: 209 pages ; 24 cm
- Publisher: New York : Europa Editions, 2023.
- Copyright: ©2023
Content descriptions
| General Note: | "First published in French by Gallimard Jeunesse. First publication 2023 by Europa Editions." |
| Summary, etc.: | "Welcome to the School of Here, an unsettling and ... Read More |
Search for related items by subject
| Genre: | Young adult fiction. Fantasy fiction. Fantasy fiction. |
| LDR | 03779cam a2200697 i 4500 | ||
|---|---|---|---|
| 001 | 428740 | ||
| 003 | LARL_NWRL_CONSORTIUM | ||
| 005 | 20240123181243.0 | ||
| 008 | 230329t20232023nyu d 000 1 eng d | ||
| 040 | . | ‡aYDX ‡beng ‡erda ‡cYDX ‡dBDX ‡dETC ‡dOCLCO ‡dWC4 ‡dOCLCO ‡dIL2 ‡dOCLCF ‡dDMM ‡dQS3 ‡dTOH ‡dIOU ‡dMZG ‡dOCLCO ‡dZ#6 | |
| 019 | . | ‡a1394360951 ‡a1401158094 | |
| 020 | . | ‡a9781609459567 ‡q(hardcover) | |
| 020 | . | ‡a1609459563 ‡q(hardcover) | |
| 035 | . | ‡a(OCoLC)1374101760 ‡z(OCoLC)1394360951 ‡z(OCoLC)1401158094 | |
| 037 | . | ‡bPgw, C/O Ips Jackson 210 American Dr, Jackson, TN, USA, 38301 ‡nSAN 631-8630 | |
| 082 | 0 | 4. | ‡a843.92 ‡223 |
| 100 | 1 | . | ‡aDabos, Christelle, ‡d1980- ‡eauthor. |
| 240 | 1 | 0. | ‡aIci et seulement ici. ‡lEnglish |
| 245 | 1 | 0. | ‡aHere, and only here / ‡cChristelle Dabos ; translated from the French by Hildegarde Serle. |
| 264 | 1. | ‡aNew York : ‡bEuropa Editions, ‡c2023. | |
| 264 | 4. | ‡c©2023 | |
| 300 | . | ‡a209 pages ; ‡c24 cm | |
| 336 | . | ‡atext ‡btxt ‡2rdacontent | |
| 337 | . | ‡aunmediated ‡bn ‡2rdamedia | |
| 338 | . | ‡avolume ‡bnc ‡2rdacarrier | |
| 500 | . | ‡a"First published in French by Gallimard Jeunesse. First publication 2023 by Europa Editions." | |
| 520 | . | ‡a"Welcome to the School of Here, an unsettling and peculiar place that is nonetheless familiar to us all. A place full of codes and unspoken rules that are passed down from year to year. At Here, society is highly stratified, the pairs, friend groups, and outcasts are all ruled by a godlike prince. This year--as all other years--things are not at all as they seem. A self-effacing first-year student vanishes into thin air. A persecuted outsider delivers himself into permanent exile. A tyrannical upperclassman meets his match. A newly-minted prophetess tests her powers. And, behind the scenes, a cabal of students conducts a top-secret investigation into the unexplained phenomenon at the heart of it all. Back to school season marks the start of a time-honored cycle of revolution and rebirth in which each must play their part. With Here, and Only Here, Christelle Dabos - author of the international sensation The Mirror Visitor Quartet - gives readers an intriguing and penetrating novel that explores the difficulties of fitting in and the private, individual choices that make up the sometimes abhorrent, always unpredictable Collective" -- ‡cAmazon. | |
| 650 | 0. | ‡aMagic ‡vJuvenile fiction. ‡0(LARL_NWRL_CONSORTIUM)165990 | |
| 650 | 0. | ‡aSchools ‡vJuvenile fiction. ‡0(LARL_NWRL_CONSORTIUM)167227 | |
| 650 | 0. | ‡aSocial classes ‡vJuvenile fiction. | |
| 650 | 1. | ‡aTeenagers ‡vFiction. ‡0(LARL_NWRL_CONSORTIUM)167663 | |
| 650 | 1. | ‡aSchools ‡vFiction. ‡0(LARL_NWRL_CONSORTIUM)167222 | |
| 650 | 1. | ‡aCliques ‡vFiction. | |
| 650 | 1. | ‡aBullies and bullying ‡vFiction. | |
| 650 | 1. | ‡aSupernatural ‡vFiction. ‡0(LARL_NWRL_CONSORTIUM)167353 | |
| 655 | 0. | ‡aYoung adult fiction. | |
| 655 | 0. | ‡aFantasy fiction. | |
| 655 | 7. | ‡aFantasy fiction. ‡2lcgft | |
| 700 | 1 | . | ‡aSerle, Hildegarde, ‡etranslator. |
| 905 | . | ‡uvanderl | |
| 901 | . | ‡a428740 ‡bAUTOGEN ‡c428740 ‡tbiblio ‡soclc | |

Add to basket
Permalink
Disable Highlighting